00354nam a2200133 a 450000500170000000800410001705000210005810000210007924500430010025000120014326000100015570000280016570000270019320141022142003.0120307s19uu xx 00 eng d aCD-ROMbD67 2002 aDoenges, Marilyn aNursing care plans /cMarilyn Doenges. a6th ed. c2002. aMoorhouse, Mary Frances aMurr, Alice Geisler C.